Normal view
MARC view
- Electronic apparatus and appliances
Entry Topical Term
001 - CONTROL NUMBER
- control field: 103703
003 - CONTROL NUMBER IDENTIFIER
- control field: NUST
005 - DATE AND TIME OF LATEST TRANSACTION
- control field: 20221128142259.0
008 - FIXED-LENGTH DATA ELEMENTS
- fixed length control field: 221128|| aca||aabn | a|a d
040 ## - CATALOGING SOURCE
- Original cataloging agency: NUST
- Transcribing agency: NUST
150 ## - HEADING--TOPICAL TERM
- Topical term or geographic name entry element: Electronic apparatus and appliances
- General subdivision: Maintenance and repair
670 ## - SOURCE DATA FOUND
- Source citation: Work cat.: (NUST)179939: Goodman, Robert L. 103702, How electronic things work-- and what to do when they don't /, c1999.
